01159nam a2200289 a 4500001001000000003000900010005001700019008004100036020001500077040002500092049000900117082002100126100002900147245018100176250005400357260006300411300002800474500003800502500003700540650002400577700003900601700004100640700003400681942001400715952012300729999001700852000023808DO-SdBNP20220407135126.0110113s2001 mx a r 000 | spa d a970187420x aDO-SdBNPbspacBNPHU aBNGR a615.532bH148ó1 aHahnemann, Samuel94900713aEl organón de la medicina /cSamuel Hahnemann; revisado con la colaboración de Fernando François Flores; prólogo de David Flores Toledo; introducción de James Krauss. a2da. ed., corr. y aum. y con nuevas ilustraciones aMéxico, D.F. :bInstituto Politécnico Nacional,c2001. a506 p. :bil. ;c23 cm. aComentado por David Flores Toledo aIncluye notas al pie de página 4aHomeopatía9490081 aFrançois Flores, Fernando9490091 aFlores Toledo, Davidepról.9490101 aKrauss, Jameseintrod.949011 2ddccLBS1 00102ddc53708PDaBNPHUbBNPHUcHDd2011-01-13l0oBNPHU PD 615.532 H148óp23808-10r2020-06-25w2020-06-25yLBS1 c23304d23304